000 00393nam a2200157Ia 4500
008 230524s9999 xx 000 0 und d
082 _a612
_bVEN
100 _aS.K.Venkataram
245 0 _aBiomedical Electronics and Instrumentation
250 _a2ND
260 _aNEW DELHI
_bGalgotia
_c2003
300 _aXXVII;528
500 _aQuantity Number: 2
650 _aBiomedical
942 _cBK
999 _c34070
_d34070